1238 1529 1537 1513 1133 1790 1987 1179 1166 1818 1117 1421 1472 1786 1238 1584 1576 1109 1491 1875 1803 1766 1509 1457 1219 1416 1068 1471 1150 1652 1707 1866 1348 1396 1597 1464 1934 1188 1175 1117 1920 1732 1372 1528 1460 1912 1416 1449 1752 1604 1114 1748 1297 1491 1582 1867 1142 1490 1801 1036 1198 1427 1725 1379 1720 1825 1050 1883 1509 1821 1982 1592 1286 1638 1100 1347 1622 1914 1650 1823 1275 1203 1219 1675 1458 1819 1183 1563 1493 1556 1875 1892 1678 1844 1096 1697 1313 1698 1986 BCNSPRNW ULIB Ver.6.0+V

เปลี่ยนเป็นภาษาไทย

Change to English
 แสดงรายละเอียดบรรณานุกรม
  กลับหน้าหลัก

Brief Record : Get Marc (ISO 2709) : E-mail record : QR code < ปิดหน้าต่าง
LEADER : 00000nam 2200000uu 4500
001    13399126551
003     ULIB
008    181019s2017||||th 000 0 tha d
020    ^a9781496347831
060    ^aWY48.6^bP541S
100    ^aLINDA LEE PHELPS
245    ^aSPARKS & TAYLOR NURSING DIAGNOSIS REFERENCE MANUAL
250    ^a10th ed
260    ^aPhiladelphia :^bWolters Kluwer,^c2017
300    ^a936 pages;^b26 cm
650    ^aNursing diagnosis-Handbooks
650    ^aNursing
650    ^aAssessment & Diagnosis
945    ^p0^l0^i26819
999    ^aกัณชพร จุลอักษร
รายการนี้ยังไม่มีแท็ก
คุณยังไม่ได้ล็อกอิน คุณสามารถมีกิจกรรมร่วมกับเว็บไซต์ได้ แต่ต้องล็อกอินก่อน ::
  ล็อกอิน

รายการสื่อสารสนเทศ

ลำดับที่ ประเภท เลขเรียก/บาร์โค้ด สถานที่ สถานะ
1. วิทยาศาสตร์การแพทย์ และสุขภาพ
วิทยาศาสตร์การแพทย์ และสุขภาพ
WY48.6 P541S ฉ.1 
  Barcode: 26819
ห้องสมุดวิทยาเขตนครสวรรค์
►หนังสือทั่วไป:l:General Books
บนชั้น

รายการใกล้เคียง
    ชื่อเรื่อง [SPARKS & TAYLOR NURSING DIAGNOSIS REFERENCE MANUAL]

    ผู้แต่ง [LINDA LEE PHELPS]

    หัวเรื่อง [Nursing diagnosis-Handbooks]
    หัวเรื่อง [Nursing]
    หัวเรื่อง [Assessment & Diagnosis]

BibComment


ยังไม่เคยถูกคอมเมนท์

คอมเมนท์ทรัพยากรรายการนี้
  คอมเมนท์: SPARKS TAYLOR N..


 Copyright 2026. Bcnsprnw @Library